Fundamentals of mathematical statistics : (Record no. 52333)

MARC details
000 -LEADER
fixed length control field 00659nam a2200253Ia 4500
003 - CONTROL NUMBER IDENTIFIER
control field OSt
005 - DATE AND TIME OF LATEST TRANSACTION
control field 20230825094702.0
008 - FIXED-LENGTH DATA ELEMENTS--GENERAL INFORMATION
fixed length control field 210329s9999||||xx |||||||||||||| ||und||
040 ## - CATALOGING SOURCE
Transcribing agency STCPL
041 ## - LANGUAGE CODE
Language code of text/sound track or separate title English
082 ## - DEWEY DECIMAL CLASSIFICATION NUMBER
Classification number 519.5
Item number GUP-F
100 ## - MAIN ENTRY--PERSONAL NAME
Personal name Gupta, S.C.
100 ## - MAIN ENTRY--PERSONAL NAME
Personal name Kapoor, V.K.
245 #0 - TITLE STATEMENT
Title Fundamentals of mathematical statistics :
Remainder of title a modern approach /
Statement of responsibility, etc. by S.C. Gupta and V.K. Kapoor
250 ## - EDITION STATEMENT
Edition statement 10th ed.
260 ## - PUBLICATION, DISTRIBUTION, ETC.
Place of publication, distribution, etc. New Delhi :
Name of publisher, distributor, etc. Sultan Chand &Sons ,
Date of publication, distribution, etc. 2002 .
300 ## - PHYSICAL DESCRIPTION
Other physical details Paper Back
650 ## - SUBJECT ADDED ENTRY--TOPICAL TERM
Topical term or geographic name entry element Mesures of central tendency
650 ## - SUBJECT ADDED ENTRY--TOPICAL TERM
Topical term or geographic name entry element Arithemetic mean
650 ## - SUBJECT ADDED ENTRY--TOPICAL TERM
Topical term or geographic name entry element Median
650 ## - SUBJECT ADDED ENTRY--TOPICAL TERM
Topical term or geographic name entry element Mode
942 ## - ADDED ENTRY ELEMENTS (KOHA)
Koha item type Books
942 ## - ADDED ENTRY ELEMENTS (KOHA)
Source of classification or shelving scheme Dewey Decimal Classification
Holdings
Withdrawn status Lost status Source of classification or shelving scheme Damaged status Collection code Not for loan Home library Current library Shelving location Date acquired Cost, normal purchase price Total Checkouts Full call number Barcode Date due Date last seen Date last checked out Price effective from Koha item type
    Dewey Decimal Classification   Statistics   ST. THOMAS COLLEGE LIBRARY, PALAI ST. THOMAS COLLEGE LIBRARY, PALAI Statistics 2021-07-10 210.00 2 519.5 GUP-F 64903 2025-10-27 2025-10-10 2025-10-10 2021-07-10 Books
Rights reserved ©2021 ST. THOMAS COLLEGE LIBRARY
A joint venture of - St. Thomas College Library and
Department of Computer Science, St. Thomas Collge Palai